000 00258nam a22001217a 4500
008 170428b xxu||||| |||| 00| 0 eng d
041 _aeng
080 _a342
100 _a13
101 _aSHJ
245 _aCIVIL PROCEDURE
_cCOUND.J.J
942 _2udc
_cBK
999 _c12309
_d12309